000 00653cam a2200193 i 4500
999 _c14248
_d14248
003 OSt
005 20260304132744.0
008 220217t20212021gw ae b 000 0 eng d
020 _a3868596925
042 _alccopycat
072 7 _aNA
_2lcco
245 0 0 _aCelebrating public architecture :
_bbuildings from the Open Call in Flanders 2000-21 /
_cFlorian Heilmeyer (ed.).
300 _a256 pages :
_billustrations (chiefly color), plans ;
_c24 cm
504 _aIncludes bibliographical references.
650 0 _aPublic architecture
_zFlanders.
650 0 _aArchitecture
_xCompetitions
_zFlanders.
700 1 _aHeilmeyer, Florian,
_eeditor.
942 _2ddc